| 000 | 00612nam a2200181 a 4500 | ||
|---|---|---|---|
| 001 | 000038308 | ||
| 003 | OSt | ||
| 005 | 20240229073823.0 | ||
| 008 | 130408s1998 dr a 000 0 spa d | ||
| 040 |
_aDO-SdBNP _bspa _cBNPHU |
||
| 100 | 1 |
_aSubero Isa, Jorge A., _d1947- _976863 |
|
| 245 | 1 | 0 |
_aCursos de capacitación / _cJorge A. Subero Isa, Rafael Camilo Amarante, Zoraya Lisette Castellanos. |
| 260 |
_aSanto Domingo : _bSuprema Corte de Justicia , _c1998. |
||
| 300 |
_a180 p. : _bil. ; _c21 cm. |
||
| 700 | 1 |
_aAmarante, Rafael Camilo _964671 |
|
| 700 | 1 |
_aCastellanos, Zoraya Lisette _955238 |
|
| 942 |
_2ddc _cLBS1 |
||
| 999 |
_c37798 _d37798 |
||